header

Occurrence of intestinal fish parasites in Australia (Record no. 125358)

MARC details
000 -LEADER
fixed length control field 01300nam a2200313 a 4500
100 1# - MAIN ENTRY--AUTHOR NAME
Personal name Eisenbarth, Albert.
245 10 - TITLE STATEMENT
Title Occurrence of intestinal fish parasites in Australia
260 ## - PUBLICATION, DISTRIBUTION, ETC. (IMPRINT)
Place of publication Hamburg :
Name of publisher Diplomica Verlag,
Year of publication 2009.
300 ## - PHYSICAL DESCRIPTION
Number of Pages 88 p. :
Other physical details ill. (some col.)
500 ## - GENERAL NOTE
General note Title from cover.
650 #0 - SUBJECT ADDED ENTRY--TOPICAL TERM
Topical Term Fishes
Topical Term Anisakis
856 40 - ELECTRONIC LOCATION AND ACCESS
Uniform Resource Identifier http://site.ebrary.com/lib/rucke/Doc?id=10487677

No items available.

© 2026 Rongo University
Contact us: librarian | system librarian | Rongo university